00471nam a2200121Ia 4500008004100000100002500041245006300066245005900129260000900188856006000197999001900257952007300276160531s9999 xx 000 0 und d aIbitayo, Kristina S. aMentoring Today s Nurses: A Global Perspective for Success cBy:Kristina S. Ibitayo, Mary Lou Bond, Susan M. Baxley c2013 uhttp://file.ebook777.com/007/MenTodNurAGloPerForSuc.pdf c295421d295421 001040aCLbCLd2016-05-31l0r2016-05-31 00:00:00w2016-05-31yCBE